Statistics for Fearless (TV) - Taylor Swift (All Lyrics

Click here to take the quiz!

General Stats

  • This quiz has been taken 84 times
  • The average score is 281 of 315

Answer Stats

Lyrics% Correct
the
100%
The
100%
I
98%
it,
98%
it
98%
so
98%
So,
98%
there
98%
a
97%
fearless
97%
me
97%
way
97%
You
97%
you
97%
you,
97%
and
95%
And
95%
'bout
95%
hand
95%
In
95%
in
95%
It's
95%
it's
95%
somethin'
95%
There's
95%
when
95%
get
94%
just
94%
know
94%
looks
94%
My
94%
my
94%
street
94%
take
94%
better
92%
don't
92%
gets
92%
of
92%
rained
92%
than
92%
this
92%
to
92%
yeah
92%
dance
90%
how
90%
lot,
90%
middle
90%
on
90%
parkin'
90%
right
90%
ask
89%
but
89%
But
89%
oh
89%
Oh
89%
Oh,
89%
oh,
89%
car
87%
first
87%
I'd
87%
I'm
87%
really
87%
walk
87%
with
87%
your
87%
not
85%
through
85%
want
85%
we
85%
why,
85%
best
84%
dress,
84%
glow
84%
if
84%
makin'
84%
up
84%
you're
84%
drive
82%
hair
82%
headfirst,
82%
now
82%
now,
82%
pavement
82%
storm
82%
storm,
82%
wanna
82%
hands
81%
hard
81%
kiss,
81%
Run
81%
run
81%
trying
81%
wonder
81%
cool
79%
road
79%
Absent
77%
caught
77%
drag
77%
little
77%
put
77%
down
76%
flawless,
76%
more
76%
out
76%
seat,
76%
We're
76%
baby,
74%
'Cause
74%
eyes
74%
here
74%
passenger
74%
shake
74%
capture
73%
driving
73%
remember
73%
slow
73%
mindedly
71%
moment
71%
off
71%
one
71%
pull
71%
'til
71%
town,
71%
usually
71%
stay
69%
horse
65%
doorway
60%
stood
58%
brave
53%
Well,
40%

Score Distribution

Percentile by Number Answered

Percent of People with Each Score

Your Score History

You have not taken this quiz